000 00801nmm a2200313 a 4500
003 AR-BaBNM
005 20251128205943.0
008 108019s1990 ||||||||||||||000 | spa||
020 _a84-85348-78-8
040 _cAR-BaBNM
100 1 _aTouraine, Alain
245 1 0 _aMovimientos sociales de hoy
260 _aBarcelona
_bHacer
_c1990
300 0 _a220 p.
650 4 _aSOCIOLOGIA POLITICA
650 4 _aSISTEMAS POLITICOS
650 4 _aCOMPORTAMIENTO SOCIAL
650 4 _aMOVIMIENTOS SOCIALES
650 4 _aCAMBIO CULTURAL
650 4 _aCRISIS CULTURAL
650 4 _aMUJERES
650 4 _aFEMINISMO
650 4 _aSOCIOLOGIA
650 4 _aSINDICALISMO
700 1 _aCasado, Demetrio
_eprologuista
700 1 _aNicolau, Ramón
_eprologuista
942 _cBK
998 _cMariana
999 _c13453
_d13453